A forest of time : American Indian ways of history

A Forest of Time is a superbly written and essential corrective to that great sea of bad history and bad faith generated about 'Indians' since colonial times. Peter Nabokov writes with brilliance, insight, eloquence, precision, and tact. The result is an extraordinary book, one I wish ever...

全面介绍

Đã lưu trong:
书目详细资料
主要作者: Nabokov, Peter
格式: 图书
语言:Undetermined
出版: New York Cambridge University Press 2002
主题:
标签: 添加标签
没有标签, 成为第一个标记此记录!
Thư viện lưu trữ: Trung tâm Học liệu Trường Đại học Cần Thơ
LEADER 01042nam a2200241Ia 4500
001 CTU_158208
008 210402s9999 xx 000 0 und d
020 |c 29.99 
082 |a 973.0497 
082 |b N117 
100 |a Nabokov, Peter 
245 2 |a A forest of time : 
245 0 |b American Indian ways of history 
245 0 |c Peter Nabokov 
260 |a New York 
260 |b Cambridge University Press 
260 |c 2002 
520 |a A Forest of Time is a superbly written and essential corrective to that great sea of bad history and bad faith generated about 'Indians' since colonial times. Peter Nabokov writes with brilliance, insight, eloquence, precision, and tact. The result is an extraordinary book, one I wish every reader in America would take to heart 
650 |a Indians of North America,Indians of North America,Tales,Oral tradition,Lịch sử Hoa Kỳ 
650 |x Historiography 
650 |z North America,North America 
910 |a Nguyên 
980 |a Trung tâm Học liệu Trường Đại học Cần Thơ